| 000 | 00645 a2200193 4500 | ||
|---|---|---|---|
| 010 | _aENG-88228 | ||
| 020 |
_a8175413641 _c195.00 |
||
| 035 | _aEN-71761 | ||
| 037 | _bDBAD / PUB | ||
| 082 | 1 | 4 | _a363.70071 |
| 090 |
_c7997 _d7997 |
||
| 245 | 1 |
_aEducation, environment and sustainable development/ _cedited by M.K. Satapathy |
|
| 260 |
_aDelhi _bShipra Publications _c2007 |
||
| 270 |
_a115-A, Vikas Marg, Shakarpur, _bDelhi _e110 092 |
||
| 300 |
_a324 p. _c21 cm (Pbk) |
||
| 700 | _aSatapathy, M.K. | ||
| 942 |
_adpl _cEN _k363.70071 / EDU |
||
| 999 |
_c7854 _d7854 |
||